000 00697 a2200205 4500
020 _a0596007124
020 _a9780596007126
082 _a005.1
090 _c1300
_d1300
100 1 _aFreeman, Elisabeth.
245 1 0 _aHead first design patterns /
_cElisabeth Freeman, Eric Freeman, Bert Bates, Kathy Sierra, Elisabeth Robson.
260 _a[S.l.] :
_bO'Reilly Media,
_c2004.
300 _a688 p. ;
_c24 cm.
700 1 _aFreeman, Eric.
700 1 _aBates, Bert.
700 1 _aSierra, Kathy.
700 1 _aRobson, Elisabeth.
942 _aSNS
_cBK
_k005.1 FRE
999 _c29913
_d29913